000 00703nam a2200229Ia 4500
005 20241129110950.0
008 241129s9999||||xx |||||||||||||| ||und||
020 _a978-1-3501-5000-3
037 _aTB
040 _aCRL
_beng
_cCRL
041 _aeng
_2eng
084 _aR655 R2
_qCRL
100 _aUskokov Aleksandar Au.
_9722985
245 0 _aPhilosophy of the Brahma - Sutra: an indtroduction
_cUskokov Aleksandar Au.
260 _aLondon, UK
_bBloomsbury academic
_c2022
300 _axv,219p.
365 _aUKP
_b16.99
490 _aBloomsbury introductions to world philosophies
650 _aIndian PhilosophyVedanta
_9726252
942 _cTB
_hR655 R2
999 _c1228315
_d1228315